000 00916nam a22001577a 4500
003 OSt
005 20160616103032.0
008 160616b xxu||||| |||| 00| 0 eng d
040 _cRUA
082 _aAGR LEN 2014 B475 Or.1
100 _98431
_aLENG HONGTRAY; ឡេង ហុងត្រាយ
245 _aComparison of different organic mulching on allium fistulosum under dry season in kreang svay village, songkat prek kampeus, dangkor district, phnom penh, ប្រៀបធៀបតម្របធម្មជាតិផ្សេងៗគ្នាទៅលើដំណាំខ្ទឹមស្លឹកនៅរដូវប្រាំង នៅភូមិក្រាំងស្វាយ សង្កាត់ព្រែកកំពឹស ខណ្ឌដង្កោ រាជធានីភ្នំពេញ
260 _aPhnom Penh
_bRUA
_c2014
300 _axii,38p.
_bill.
_c29cm.
942 _2ddc
_cAGR
999 _c8077
_d8077